El Gondolero (Record no. 154500)

MARC details
000 -LEADER
campo de control de longitud fija 00692nam a2200181 i 4500
001 - NÚMERO DE CONTROL
campo de control 154500
003 - IDENTIFICADOR DE NÚMERO DE CONTROL
campo de control ES-MaACL
005 - FECHA Y HORA DE LA ÚLTIMA TRANSACCIÓN
campo de control 20250909203611.0
008 - DATOS DE LONGITUD FIJA--INFORMACIÓN GENERAL
campo de control de longitud fija 941129s1837 sp |||| | spa d
040 ## - FUENTE DE CATALOGACIÓN
Centro catalogador/agencia de origen AS
Lengua de catalogación spa
245 03 - MENCIÓN DEL TÍTULO
Título El Gondolero
Resto del título : drama en cuatro actos /
Mención de responsabilidad, etc. arreglado a nuestro teatro por G.F. Coll y M.A. Lasheras.
260 ## - PUBLICACIÓN, DISTRIBUCIÓN, ETC.
Lugar de publicación, distribución, etc. Madrid :
Nombre del editor, distribuidor, etc. [s.n.],
Fecha de publicación, distribución, etc. 1837 (
Fabricante Imprenta de José María Repullés)
300 ## - DESCRIPCIÓN FÍSICA
Extensión 55 p. ;
Dimensiones 18 cm.
700 1# - ENTRADA AGREGADA--NOMBRE PERSONAL
Nombre de persona Coll, Gaspar Fernando,
Fechas asociadas al nombre 1826-1855
9 (RLIN) 126538
700 1# - ENTRADA AGREGADA--NOMBRE PERSONAL
Nombre de persona Lasheras, Manuel Antonio.
9 (RLIN) 142048
852 ## - LOCALIZACIÓN
Ubicación ES-MaACL
Número de control de estantería D-1760(4)
Nota libre -- Enc. hol.
-- -- Legado de Modesto de la Fuente
condición física -- Falto de la cub. original
Holdings
Estatus retirado Estado de pérdida Estado de daño No para préstamo Colección Biblioteca de origen Biblioteca actual Ubicación en estantería Fecha de adquisición Fuente de adquisición Total de préstamos Signatura topográfica completa Código de barras Visto por última vez Precio de reemplazo Tipo de ítem Koha
        Libros del s. XIX Biblioteca del Ateneo de Madrid Biblioteca del Ateneo de Madrid Sala Valle Inclán 17/01/2008     D-1760(4) 901161579 23/02/2023 23/02/2023 Libro impreso antiguo